Más allá de la crisis económica: CO2lonialismo y geografías de esperanza = Beyond the economic crisis : CO2lonialism and geographies of hope /
Se abarca un problema más profundo que el calentamiento global y la crisis económica: un defecto estructural del capitalismo, para ello se vincula teóricamente el cambio climático, el colonialismo y el capitalismo. Se menciona a San Lorenzo como una frontera agrícola en la que el colonialismo se des...
Đã lưu trong:
| Tác giả chính: | |
|---|---|
| Định dạng: | Texto |
| Những chủ đề: | |
| Các nhãn: |
Thêm thẻ
Không có thẻ, Là người đầu tiên thẻ bản ghi này!
|
MARC
| LEADER | 00000 a a2200000 04500 | ||
|---|---|---|---|
| 001 | 42336 | ||
| 003 | |||
| 040 | |||
| 100 | |a Hazlewood, Julianne A. | ||
| 245 | |a Más allá de la crisis económica: CO2lonialismo y geografías de esperanza = |b Beyond the economic crisis : CO2lonialism and geographies of hope / |c Julianne A. Hazlewood | ||
| 500 | |a jahaze@gmail.com | ||
| 520 | |a Se abarca un problema más profundo que el calentamiento global y la crisis económica: un defecto estructural del capitalismo, para ello se vincula teóricamente el cambio climático, el colonialismo y el capitalismo. Se menciona a San Lorenzo como una frontera agrícola en la que el colonialismo se despliega a través del cultivo de palma aceitera y de agrocombustibles. Se resaltan las prácticas culturales de ciertas comunidades que construyen y sostienen en medio de grandes abusos contra la naturaleza (como tala de árboles, ríos contaminados, entre otros) y conflictos sociales. Finalmente, el artículo condena discursos y acciones que se enfocan en el mejoramiento del clima económico mientras se arrasan con los bosques húmedos, las prácticas culturales y las soluciones reales al cambio climático. | ||
| 590 | |a KSR/MAYO2012 | ||
| 650 | |a 1.CAMBIOS CLIMATICOS | ||
| 650 | |a 2.ECONOMIA AMBIENTAL | ||
| 650 | |a 3.RECESION ECONOMICA | ||
| 650 | |a 4.COLONIALISMO | ||
| 650 | |a 5.PRACTICAS CULTURALES | ||
| 650 | |a 6.DIOXIDO DE CARBONO | ||
| 650 | |a 7.ECUADOR | ||
| 773 | |g número36 ( , 2010)páginas 81-95 : mapas, fotos | ||
| 999 | |c 29035 |d 29035 | ||
